000 02234nam0a2200361 i 4500
001 RU\NLR\BIBL_A\010564766
005 20241103061505.0
010 _a9785879548310
_9100
021 _aRU
_b14-79263
035 _a(NILC)RuMoRGB-007569816
035 _a(NLR Aleph) 010564766
090 _a10398012
_c10398012
100 _a20141213d2013 u y0rusy50 ca
101 0 _arus
102 _aRU
105 _aa|||j|||001yy
200 1 _aПодготовка документов в LaTeX2e
_eучебное пособие
_eдля студентов высших учебных заведений, обучающихся по направлениям 010100 "Математика", 010200 "Математика и компьютерные науки"
_fА. Р. Есаян, В. Н. Чубариков, Н. М. Добровольский, А. В. Якушин
_gМ-во образования и науки Рос. Федерации, ФГБОУ ВПО "Тул. гос. пед. ун-т им. Л. Н. Толстого"
210 _aТула
_cИзд-во ТГПУ
_d2013
215 _a390 с.
_cил.
_d24
320 _aБиблиогр.: с. 368-371
320 _aАлф. указ. команд, функций и операторов: с. 371-383
606 1 _aКомпьютерная верстка
_jУчебные издания для высших учебных заведений
_92079390
_3RU\NLR\AUTH\661255271
606 _aLaTeX 2, издательские системы
_jУчебные издания для высших учебных заведений
_92140773
_3RU\NLR\AUTH\661290313
686 1 _aМ801.125-5-05я73-1
701 1 _aЕсаян
_bА.Р.
_f1937-
_gАльберт Рубенович
701 1 _aЧубариков
_bВ. Н.
_gВладимир Николаевич
701 1 _7ca
_8rus
_aДобровольский
_bН. М.
_cд-р физ.-мат. наук, теория чисел
_gНиколай Михайлович
_9147607
_3RU\NLR\AUTH\770147643
701 1 _aЯкушин
_bА. В.
_gАлексей Валерьевич
801 0 _aRU
_bРГБ
_c20141020
_gRCR
942 _cBOOK
980 _aNBR